History through literature: (Record no. 292412)
[ view plain ]
| 000 -LEADER | |
|---|---|
| fixed length control field | 00875nam a2200265Ia 4500 |
| 008 - FIXED-LENGTH DATA ELEMENTS--GENERAL INFORMATION | |
| fixed length control field | 160319s9999 xx 000 0 und d |
| 245 ## - TITLE STATEMENT | |
| Title | History through literature: |
| 245 ## - TITLE STATEMENT | |
| Remainder of title | renaissance & reformation / |
| 245 ## - TITLE STATEMENT | |
| Statement of responsibility, etc | Discovery Channel ; Discovery Channel Education. |
| 260 ## - PUBLICATION, DISTRIBUTION, ETC. (IMPRINT) | |
| Name of publisher, distributor, etc | Discovery Communications, Inc., |
| 260 ## - PUBLICATION, DISTRIBUTION, ETC. (IMPRINT) | |
| Date of publication, distribution, etc | 2005 |
| 300 ## - PHYSICAL DESCRIPTION | |
| Extent | 1 VCD-video (approximately 26 min.) : |
| 300 ## - PHYSICAL DESCRIPTION | |
| Other physical details | digital, sound, color ; |
| 300 ## - PHYSICAL DESCRIPTION | |
| Dimensions | 4 3/4 in. |
| 500 ## - GENERAL NOTE | |
| General note | Distributed in the Philippines by MagnaVision Incorporated. |
| 650 ## - SUBJECT ADDED ENTRY--TOPICAL TERM | |
| Topical term or geographic name as entry element | European literature -- |
| 650 ## - SUBJECT ADDED ENTRY--TOPICAL TERM | |
| Topical term or geographic name as entry element | Literature -- |
| 650 ## - SUBJECT ADDED ENTRY--TOPICAL TERM | |
| Topical term or geographic name as entry element | Literature, Modern. |
| 650 ## - SUBJECT ADDED ENTRY--TOPICAL TERM | |
| Topical term or geographic name as entry element | Literature. |
| 650 ## - SUBJECT ADDED ENTRY--TOPICAL TERM | |
| General subdivision | Collections. |
| 650 ## - SUBJECT ADDED ENTRY--TOPICAL TERM | |
| General subdivision | Renaissance, -- 1450-1600. |
| 700 ## - ADDED ENTRY--PERSONAL NAME | |
| Personal name | Discovery Channel (Firm). |
| 700 ## - ADDED ENTRY--PERSONAL NAME | |
| Personal name | Discovery Channel School., corporate. |
| 700 ## - ADDED ENTRY--PERSONAL NAME | |
| Personal name | Magnavision Home Video. |
| Withdrawn status | Lost status | Damaged status | Home library | Current library | Date acquired | Total Checkouts | Barcode | Date last seen | Price effective from | Koha item type |
|---|---|---|---|---|---|---|---|---|---|---|
| Stonyhurst Southville International School (Batangas) | Stonyhurst Southville International School (Batangas) | 03/19/2016 | AV-015 | 03/19/2016 | 03/19/2016 | Audio Visual Materials |